00429nam a22001457a 450000500170000000800410001702000150005804100120007308200130008510000290009824500530012726000470018030000310022765000250025820231113135245.0231113b |||||||| |||| 00| 0 eng d a0702117781 aEnglish a345 VAN  aVan der Berg, JlEnglish aBail: A Practitioner's Guide / cJ Van der Berg  aCape Town : bJuta and Company Ltd, c1986 bxix, 186 pages ; c23 cm.  aLegal practice bLaw